Indovina la sigla della squadra - Statistics

Statistiche generali
  • Questo quiz è stato fatto 41 volte
  • Il punteggio medio è 4 su 7
Statistiche sulle risposte
Squadra Significato sigla % Corretto
SS Lazio Società Sportiva
97%
SSC Napoli Società Sportiva Calcio
90%
US Lecce Unione Sportiva
87%
UC Sampdoria Unione Calcio
82%
CA Osasuna Club Atletico
28%
RCD Espanyol Real Club Deportivo
28%
SC Pisa Sporting Club
18%
Nessun quiz corrispondente trovato
Distribuzione punteggi
Percentuale di utenti per punteggio
Percentile per numero di risposta
I tuoi punteggi nel tempo
Non hai fatto questo quiz